000 00591nam a2200217Ia 4500
003 OSt
005 20220926005356.0
006 a|||||r|||| 00| 0
007 ta
008 220923b |||||||| |||| 00| 0 eng d
037 _cGeneral Book
040 _aRTL
_cRTL
_beng
041 _2eng
_aeng
082 _aX, M9/SC
100 _aMalhotra S K
_9310142
245 0 _aInsight in to the next economics
260 _a New Delhi
_bShakuntla Devi Memorial Trust
_c1989
300 _axii,415p
_ccm.
942 _hX, M9/SC
_cGB
_2CC
999 _c613602
_d613602